000 00881nam a2200241Ia 4500
003 OSt
005 20220923224313.0
006 a|||||r|||| 00| 0
007 ta
008 220922b |||||||| |||| 00| 0 hin d
024 _a230,719
037 _cTextual
040 _aARTS
_cARTS
_bhin
041 _2hin
_ahin
082 _aO152:gx, N4
100 _aतलवार, वीर भारत
245 0 _aराष्ट्रªीय नवजागरण और साहित्य
_b कुछ प्रसंग
246 _aRāṣhṭraªīya navajāgaraṇ aur sāhitya: kuchh prasanga: kuchh pravṛuttiyaॉan
260 _aदिल्ली
_b हिमाचल पुस्तक भण्डार
_c1994
300 _a210पृ.
_ccm.
942 _hO152:gx, N4
_cTEXL
_2CC
999 _c370506
_d370506